000 02770cam a2200649 4500
008 030113n2003 000 0 eng u
020 _a1842191276
035 _a(Sirsi) u120995
041 _aeng
050 _a333.72
_c18
110 _aRoyal Institution of Chartered Surveyors
_94900
245 _aIsurv
_benvironment
_h[multimedia]
260 _aLondon
_bRICS
_c2003-
490 _aRICS Isurv.co.uk Series
505 _aRole of the property professional
505 _aEnvironmental management and policy
505 _aEnvironmental services and appointing consultants
505 _aEnvironmental reports and outputs
505 _aInsurance
505 _aRural services
505 _aPlanning and development
505 _aConstruction whole life costing
505 _aSustainable construction
505 _aValuation and appraisal
505 _aResidential conveyancing
505 _aCommercial conveyancing
505 _aProperty management landlord and tenant
505 _aProperty management government buildings
505 _aMinerals and waste management
520 _aThe first in a series of online publications from RICS Books providing a comprehensive overview of key environmental topics affecting the work of chartered surveyors. A summary is provided for each topic before the legislative framework, key cases and legal issues, standards and regulatory framework, practical matters, forms and precedents and key issues are discussed in greater detail. Includes the text of relevant publications and links to other online resources.
520 _aSubscribers to the "Environment and property professional" can access it at www.rbprofessional.com using the username and password issued to you. Other RICS members may use it via the public access terminals in the RICS Library - please ask Library Staff for details.
650 _aCONVEYANCING
650 _aENVIRONMENTAL AUDITS
650 _aENVIRONMENTAL MANAGEMENT
650 _aLIFE-CYCLE COSTING
650 _aSUSTAINABLE CONSTRUCTION
650 _aSUSTAINABLE DEVELOPMENT
690 _aENVIRONMENTAL AND LAND CONSULTANCY
700 _aBest, Gary
700 _aCatterall-Annal, Mharry Sara
700 _aCroydon, Bob
700 _aDixon, Griffin
700 _aEdge, Mike
700 _aElliot, Tim
700 _aFogleman, Valerie
700 _aHellawell, Trevor
700 _aJayne, Michael Ross
700 _aJohnson, Faith
700 _aKeith, Bruce
700 _aLittle, William
700 _aSyms, Paul
700 _aVincent, Peter
700 _aWeatherley, Neil
700 _aWilbourn, Philip
856 _uhttps://www.rbprofessional.com
_vAccess "Isurv: environment" using your username and password...
942 _n0
999 _c102600
_d102600